000 00643nam a22001817a 4500
005 20240703164621.0
010 _aENG-140744
020 _c2795.00
_a9788195676965
035 _aEN-124276
037 _bDBAD
082 _a631.81
100 _aChattopadhyay, P. K.
_968077
245 _aFertilizers Manufacturing Handbook/
_cP. K. Chattopadhyay
260 _aDelhi
_bNiir Project Consultancy Services
_c2019
270 _bDelhi
_a106-E, Opp. Spark Mall, Kamla Nagar
_e110007
_k01123842955
_k01123845886
_k08800733955
_mnpcs.india@gmail.com
_minfo@niir.org
300 _axviii, 434p.
_c21cm (pb)
942 _2ddc
_cEN
_h631.81
_mCHA
999 _c203924
_d203924